Đơn thuốc bình an cho tâm hồn
Spremljeno u:
| Glavni autor: | |
|---|---|
| Format: | Knjiga |
| Jezik: | Undetermined |
| Izdano: |
Hà Nội
Phụ Nữ
2006
|
| Teme: | |
| Oznake: |
Dodaj oznaku
Bez oznaka, Budi prvi tko označuje ovaj zapis!
|
| Thư viện lưu trữ: | Trung tâm Học liệu Trường Đại học Cần Thơ |
|---|
| LEADER | 00575nam a2200193Ia 4500 | ||
|---|---|---|---|
| 001 | CTU_112597 | ||
| 008 | 210402s9999 xx 000 0 und d | ||
| 020 | |c 20000 | ||
| 082 | |a 158.128 | ||
| 082 | |b G652 | ||
| 100 | |a Goodier, Steve | ||
| 245 | 0 | |a Đơn thuốc bình an cho tâm hồn | |
| 245 | 0 | |c Steve Goodier ; Tiểu Phước biên dịch | |
| 260 | |a Hà Nội | ||
| 260 | |b Phụ Nữ | ||
| 260 | |c 2006 | ||
| 650 | |a Conduct of life,Self-actualization (Psychology) | ||
| 904 | |i Minh | ||
| 980 | |a Trung tâm Học liệu Trường Đại học Cần Thơ | ||